[Event "Nations Cup Online Prelim"]
[Site "Chess.com INT"]
[Date "2020.05.07"]
[Round "6.3"]
[White "So, Wesley"]
[Black "Adhiban, Baskaran"]
[Result "1-0"]
[WhiteElo "2770"]
[BlackElo "2659"]
[Annotator "Adhiban,B"]
[PlyCount "71"]
[EventDate "2020.05.05"]
[EventType "team-tourn"]
[EventRounds "10"]
[EventCountry "USA"]
[SourceTitle "CBM 196"]
[Source "ChessBase"]
[SourceDate "2020.06.30"]
[SourceVersion "1"]
[SourceVersionDate "2020.06.30"]
[SourceQuality "1"]
[WhiteTeam "USA"]
[BlackTeam "India"]
[WhiteTeamCountry "USA"]
[BlackTeamCountry "IND"]

{[%evp 0,33,16,8,20,22,25,8,19,0,-2,-2,7,-41,18,12,22,20,9,14,32,36,26,16,19,
26,9,-5,0,0,3,0,78,82,80,52] I was paired against one of my idols Wesley.} 1.
e4 e5 2. Nf3 Nc6 3. Bb5 a6 ({The game resembles Anti-Berlin structures more
than any other Ruy Lopez lines... Hence I wanted to take a look at Wesley's
two recent games:} 3... Nf6 4. d3 Bc5 5. Bxc6 dxc6 6. Nbd2 (6. O-O Qe7 7. Nbd2
Bg4 8. h3 Bh5 9. Nc4 Nd7 10. a3 a6 {Here if we compare my game, then a6 is a
useful extra tempo! But it is only seen in lines with 0-0-0.} 11. b4 Ba7 12.
Be3 Bxe3 13. Nxe3 f6 14. Nf5 Qf8 15. Ng3 Bf7 16. Qd2 g6 17. Nh2 h5 18. f4 exf4
19. Qxf4 O-O-O 20. e5 f5 21. Nf3 Qe7 22. Rae1 Rde8 23. h4 Bd5 24. Ng5 c5 25.
Re3 b5 26. Ne2 Bb7 27. Nc3 cxb4 28. axb4 Nf6 29. Rfe1 Ng4 30. R3e2 c5 31. e6
cxb4 32. Nf7 Qc7 33. Qxc7+ Kxc7 34. Nxh8 Rxh8 35. Nd1 Re8 36. e7 Bd5 37. Ne3
Nxe3 38. Rxe3 a5 39. Kf2 a4 40. Kg3 a3 41. Kf4 b3 42. cxb3 b4 43. d4 Kd6 44.
Re5 a2 45. Ra1 Bxb3 46. Rb5 Rxe7 47. Rxb4 Re4+ 48. Kg5 Rg4+ 49. Kf6 Rg3 50. Rb5
Bc4 51. Rc5 Bd5 52. Ra5 Bb3 53. Rc1 Rxg2 54. Rcc5 Rg1 55. Ra6+ Kd7 56. Ra7+ Kd6
57. Ra6+ Kd7 58. Rca5 Bc4 59. Ra7+ Kd6 60. Ra8 f4 61. Rd8+ Kc7 62. Rda8 f3 63.
Rxa2 Bxa2 64. Rxa2 Kd6 {0-1 (64) So,W (2770)-Carlsen,M (2863) chess24.com INT
2020}) 6... Nd7 (6... O-O 7. Nc4 Nd7 8. O-O Re8) 7. Nc4 f6 8. O-O O-O 9. c3 Re8
10. d4 exd4 11. cxd4 Bf8 12. Re1 Nb6 13. b3 Be6 14. Qd3 Qd7 15. Bb2 Rad8 16.
Rad1 Qf7 17. Na5 Bc8 18. Nc4 Be6 19. Na5 Bc8 20. Nc4 c5 21. Nxb6 axb6 22. Qe3
cxd4 23. Nxd4 Qg6 24. f3 Qh5 25. Qe2 Bd6 26. g4 Qh3 27. Qg2 Qxg2+ 28. Kxg2 Be5
29. Bc3 c6 30. Ne2 Bc7 31. h4 Kf7 32. h5 b5 33. Ng3 Rxd1 34. Rxd1 Be6 35. Nf5
Ra8 36. Rd2 Bf4 37. Rc2 g6 38. Ng3 c5 39. Ne2 Bd6 40. hxg6+ hxg6 41. Be1 b4 42.
Bg3 Ke7 43. Bxd6+ Kxd6 44. Nf4 Bf7 45. Nd3 b6 46. f4 Ke7 47. g5 Be6 48. Kf3 Rh8
49. gxf6+ Kxf6 50. Nf2 Rd8 51. Ng4+ Bxg4+ 52. Kxg4 Rd1 53. e5+ Ke6 54. Rg2 b5
55. Kg5 Rf1 56. Rc2 Rg1+ 57. Kh6 Rg4 58. Rxc5 Rxf4 59. Rxb5 Rg4 60. Ra5 Rg2 61.
Kg7 Rg3 62. Kh7 Rg2 63. Kh6 Rg3 64. Ra4 Rg2 65. Ra5 Rg3 66. Kg7 Rg2 67. Kh7 Rg3
68. Ra4 Rg2 69. Rxb4 Rxa2 70. Re4 Ra5 71. Kxg6 Rxe5 72. Rxe5+ Kxe5 73. Kh7 Kd4
74. b4 Kc4 75. Kh8 Kxb4 {1/2-1/2 (75) So,W (2770)-Karjakin,S (2752) chess.com
INT 2020}) 4. Ba4 Nf6 5. O-O Bc5 $5 {I thought it was time to test this
against the best!} (5... Be7 6. Bxc6 dxc6 7. d3 Nd7 8. Nbd2 O-O 9. Nc4 f6 {
is another popular version of the Ruy Lopez delayed exchange with the only
difference that the bishop is on e7 instead of c5.}) 6. Bxc6 {I was surprised
to see this weapon of Dominguez played again!} dxc6 7. d3 Qe7 ({Last time I
tried} 7... Nd7 8. Nbd2 O-O 9. Nc4 Re8 10. Kh1 (10. a4 a5 11. Bd2 b6 12. Bc3 f6
13. Nh4 Nf8 14. Nf5 Ne6 15. b3 Bf8 16. Bd2 Nf4 17. Ng3 Be6 18. Ne2 Bxc4 19.
bxc4 Ne6 20. f4 Bb4 21. f5 Bxd2 22. Qxd2 Nc5 23. Qe3 Qd6 24. g4 h6 25. h4 Kf7
26. Kf2 Rh8 27. Rg1 Na6 28. Rg2 Nb4 29. Rc1 Na2 30. Rcg1 Nb4 31. Qd2 b5 32.
cxb5 cxb5 33. axb5 Qc5+ 34. d4 exd4 35. Qxd4 Qxb5 36. g5 hxg5 37. hxg5 Rad8 38.
Qa7 Rd2 39. Qxc7+ Rd7 40. Qc3 Qb6+ 41. Qe3 Qxe3+ 42. Kxe3 Nxc2+ 43. Kf2 Re7 44.
gxf6 gxf6 45. Nf4 Rxe4 46. Rg7+ Ke8 47. Ne6 Rh2+ 48. Kg3 Rd2 49. Kf3 Re3+ 50.
Kg4 Rf2 51. Rh1 Rg2+ 52. Kf4 Rxg7 53. Nxg7+ Ke7 54. Rh7 Re1 55. Nh5+ Kd6 56.
Nxf6 Rf1+ 57. Kg5 Ne3 58. Ne4+ Kd5 {0-1 (58) Dominguez Perez,L (2758)
-Sunilduth Lyna,N (2618) chess.com INT 2020}) 10... Bf8 {Preparing c5.} 11. Bd2
c5 12. b3 b6 13. Bc3 Bd6 14. a4 Bb7 15. Nfd2 Nf8 16. Qg4 Ng6 17. Ne3 Bf8 18.
Nf5 Bc8 19. g3 f6 20. f4 Kh8 21. Nf3 exf4 22. gxf4 Bxf5 23. Qxf5 Bd6 24. Rg1
Qc8 25. Qh5 Nxf4 26. Qh6 Ne6 27. Bxf6 Bf8 28. Rxg7 Bxg7 29. Ng5 Kg8 30. Qxh7+
Kf8 31. Rf1 Re7 32. Nxe6+ Rxe6 33. Bxg7+ Ke7 34. Be5+ Ke8 35. Qf7+ Kd8 36. Bf6+
Rxf6 37. Qxf6+ Kd7 38. Qf7+ Kd8 39. Rg1 {1-0 (39) Dominguez Perez,L (2720)
-Adhiban,B (2671) Monzon 2016}) 8. Nbd2 Bg4 9. h3 Bh5 10. Nc4 Nd7 11. a3 O-O-O
12. b4 Bd4 13. Rb1 Nb6 $5 {Aimed against a4 ideas.} 14. Ne3 Bxe3 15. Bxe3 (15.
fxe3 g5 {looked very good for me.}) 15... g5 $5 {I thought speed was of the
essence...} (15... Rhg8 $1 {would have been a nice idea under the concept of
"Attacking without sacrificing" (something I plan to cover in my book).}) 16.
Bxg5 f6 17. Bh4 $1 {I had missed this very natural retreat after which the
bishop goes to g3 and solidifies White's defences. After this it was difficult
to drum up any plan thanks to the loss of the important g-pawn which I
desperately needed to break through White's position.} Rhg8 18. Qe2 {White can
just prepare for the attack on the queenside.} Na4 19. Rb3 Rdf8 20. Qe3 Kb8 21.
Kh2 Ka8 22. c4 Nb6 23. Bg3 f5 24. Nxe5 fxe4 25. dxe4 Qe6 26. c5 Nc8 27. Rd3 Ne7
28. Re1 Ka7 29. a4 Be8 30. Rd8 h5 31. h4 Qf6 32. b5 cxb5 33. axb5 Bxb5 34. c6+
b6 35. Nd7 Rxg3 36. Qxg3 1-0

[Event "IND-chT 40th"]
[Site "Ahmedabad"]
[Date "2020.02.10"]
[Round "5.1"]
[White "Raja, Harshit"]
[Black "Adhiban, Baskaran"]
[Result "0-1"]
[WhiteElo "2472"]
[BlackElo "2654"]
[Annotator "Adhiban,B"]
[PlyCount "84"]
[EventDate "2020.02.07"]
[EventType "team-swiss"]
[EventRounds "9"]
[EventCountry "IND"]
[SourceTitle "CBM 194 Extra"]
[Source "ChessBase"]
[SourceDate "2020.03.31"]
[SourceVersion "1"]
[SourceVersionDate "2020.03.31"]
[SourceQuality "1"]
[WhiteTeam "Airports Authority of India"]
[BlackTeam "Petroleum Sports"]
[WhiteTeamCountry "IND"]
[BlackTeamCountry "IND"]

{[%evp 0,84,19,38,25,7,30,13,13,3,-2,0,-1,8,35,21,45,6,51,0,38,-4,108,105,102,
49,73,63,111,92,97,66,122,74,-17,0,-1,-1,-1,-54,19,3,0,-73,-63,-132,-107,-171,
-171,-166,-171,-176,-161,-197,-144,-144,-243,-229,-190,-211,-205,-205,-195,
-198,-199,-237,-210,-209,-213,-232,-279,-285,-274,-297,-276,-489,-489,-500,
-502,-502,-506,-543,-571,-29997,-29998,-29999,-30000] I had just won the
previous game in nice style and I was looking forward to continuing the
tempo!! But little did I know that this game would exceed my wildest
expectations...} 1. e4 e5 2. Nf3 Nc6 3. Bb5 a6 4. Ba4 Nf6 5. O-O Bc5 6. c3 b5
7. Bb3 d6 8. d4 Bb6 9. a4 Bg4 10. h3 Bh5 11. Bg5 {This was supposed to be the
refutation of the whole line, but not anymore!!} Rb8 12. d5 Ne7 $5 13. Bc2 (13.
Bxf6 gxf6 14. Bc2 (14. Qd3 Qd7 15. Kh2 Bg6 $1 16. axb5 axb5 17. Qe2 f5 {
(Kosteniuk-Venkatesh 2018) Black is preferable thanks to achieving the f5
break.}) 14... Ng6 (14... Rg8 $5 {was a better line with an even better
version than the game due to the extra tempi.}) 15. g3 $1 {Mammadzada-Tania,
Khanty-Mansiysk 2017, It was hard for Black to drum up any trouble and White
was better.}) 13... h6 $5 {I knew this wasn't accurate, but it felt really
tempting.} 14. Bxf6 gxf6 15. Kh2 Rg8 {Signal to attack!} 16. Qd3 ({White had
to play the move which was anyway useful.} 16. g3 $1) ({After the game one of
Harshit's main lament was to least include} 16. axb5 axb5 17. Qd3 {now things
are more trickier than in the game... possibly I would have gone for it anyway!
}) 16... Rxg2+ $3 {My favourite comment was Ganguly's tweet,"Felt like the
games of 19th century which are in Kasparov book!" After they stopped me from
wearing a watch, I forgot which century I was in!} (16... Qd7 17. g3 {It is
hard to find some way to continue the attack.}) 17. Kxg2 {Harshit was in so
much shock that he actually took a while to take the rook :)!} Ng6 {[%cal
Gg6f4] First knight!} 18. Kh2 (18. Rg1 Nf4+ 19. Kf1 Qd7 20. Nh4 Nxd3 {[%cal
Rd7h3] Now this works as h3 is hanging.}) 18... Nf4 19. Rg1 {Possibly the best
defence.} (19. Qd2 Bxf3 20. Rg1 Qd7 21. Rg3 Be2 {[%csl Rf2]} 22. Qe1 Ke7 {
followed by Rg8.}) 19... Ke7 $1 {Not going for some endgame, I just wanted to
go for the king!} (19... Qd7 20. Nh4 $1 Nxd3 {This was what I mainly
considered.} (20... Bxf2 $3 {Stupid comp!} 21. Rg8+ Ke7 22. Rxb8 Bxh4 {was
possibly also working.}) 21. Rg8+ Ke7 22. Rxb8 {was one of the pitfalls I saw.}
) (19... Nxd3 20. Rg8+ Ke7 21. Rxd8 Kxd8 22. Bxd3 Bxf3 23. Nd2 Bh5 24. Kg2 $1 {
This endgame is clearly not easy to win.}) 20. Qd2 (20. Qd1 Qd7 21. Rg3 Bxf2 {
also loses.}) 20... Bxf3 21. Bd3 {My opponent did find the best defence, where
the fight continues...As Levon would say 'Nobody said this was going to be
easy!"} (21. Rg3 Be2 {[%csl Rf2]} 22. Qe1 Qd7 {tranposes to one of the earlier
shown lines.}) 21... Qd7 (21... f5 22. exf5 {doesn't look convincing.}) 22. Rg3
Bg2 $1 {The threat is not to take on h3, but rather to stop Rf3 and prepare
Rg8.} (22... Rg8 23. Rxf3 Rg2+ 24. Kh1 {didn't seem to achieve anything.}) 23.
axb5 ({I felt White had to try} 23. Qxf4 $5 exf4 24. Rxg2 f3 25. Rg3 Bxf2 26.
Rxf3 Bh4 {though this should be easily winning.}) (23. Rxg2 Qxh3+ 24. Kg1 Qxg2#
) 23... Rg8 $1 {The last piece joins the attack with full force!} 24. Qxf4 (24.
Rxg8 Qxh3+ 25. Kg1 Qh1#) 24... exf4 25. Rxg2 Rxg2+ 26. Kxg2 Qc8 $3 (26... f3+
27. Kg3 Bxf2+ 28. Kxf2 Qxh3 29. Nd2 {wasn't working:} Qg2+ 30. Ke1) (26... Bxf2
$1 {was another move which I felt was also winning.} 27. Kxf2 Qxh3 {and White
is severely discoordinated to put up any fight against the queen and the
mighty f-pawn. In the end I felt the game continuation was the most
destructive.}) 27. Nd2 (27. bxa6 Qg8+ 28. Kf3 Bxf2 29. Kxf2 Qg3+ 30. Ke2 Qe3+ {
[%cal Re3d3] wins.}) 27... Qg8+ 28. Kf3 Bxf2 29. Kxf2 Qg3+ 30. Ke2 Qe3+ 31. Kd1
Qxd3 32. bxa6 f3 {I had seen till here when I went for Qc8, but things were
slightly more tricky than what I had assumed...} 33. Kc1 (33. a7 f2 34. a8=Q
f1=Q# {would be a cool finish!}) 33... f2 34. Ra4 f1=Q+ 35. Nxf1 Qxf1+ 36. Kc2
Qf2+ {Preparing to come back to a7.} 37. Kd3 (37. Kb3 Qa7 {At first this
endgame looked bit tricky since I have to breakthrough with f5-Kf6, but then
realized that I can just bring the king to b8 and then free the queen.}) 37...
Qxb2 $1 38. Kc4 (38. a7 Qb5+ 39. Rc4 Qa6 {wins.}) 38... Qb1 $1 39. a7 Qxe4+ 40.
Kb5 Qxd5+ 41. Ka6 {My opponent was very gracious!} Qc6+ 42. Ka5 Qb6# {Two
checkmates in one event!} 0-1

[Event "Las Palmas3"]
[Site "Las Palmas"]
[Date "1993.??.??"]
[Round "2"]
[White "Smirin, Ilia"]
[Black "Izeta Txabarri, Felix"]
[Result "1-0"]
[WhiteElo "2640"]
[BlackElo "2510"]
[Annotator "Ambroz,J"]
[PlyCount "87"]
[EventDate "1993.12.??"]
[EventType "tourn"]
[EventRounds "9"]
[EventCountry "ESP"]
[EventCategory "13"]
[SourceTitle "CBM 040"]
[Source "ChessBase"]
[SourceDate "1994.06.01"]
[SourceVersion "1"]
[SourceVersionDate "1994.06.01"]
[SourceQuality "1"]

1. e4 {Wedberg,T} e5 2. Nf3 Nc6 3. Bb5 a6 4. Ba4 Nf6 5. O-O Bc5 6. Nxe5 Nxe5 (
6... Nxe4 7. Nxc6 dxc6 8. Qe2 $1 Qe7 9. Re1 Nf6 10. d4 Qxe2 11. Rxe2+ Be7 12.
Bb3 Nd5 13. c4 $16) 7. d4 Nxe4 (7... Ba7 $6 8. dxe5 Nxe4 9. Qg4 Nxf2 10. Rxf2
Bxf2+ 11. Kxf2 O-O 12. Bh6 g6 13. Bxf8 Qxf8 14. Qf4 b5 (14... Qc5+ 15. Qe3) 15.
Bb3 Bb7 16. Nc3 Re8 17. Kg3 $5 Qg7 18. Rg1 Re7 19. Qg5 Qf8 20. h4 c5 21. Nd5
Bxd5 22. Bxd5 h6 {Sion Castro,M-Juidiaz/Sevilla op (1)/1993/1-0 (23)}) 8. Re1 (
8. Qe2 Be7 (8... Qe7 9. Qxe4 Nc6 10. Qxe7+ Bxe7 11. c3 $14) 9. Qxe4 Ng6 10. c4
O-O 11. Nc3 c6 12. Bc2 d6 13. Qd3 f5 14. f4 $1 $14 Bf6 15. Kh1 Bd7 16. a4 $1 {
 a5} a5 17. Be3 Re8 18. Bg1 Nf8 19. Rab1 $1 g6 20. b4 axb4 21. Rxb4 Bc8 22. d5
$1 Qe7 23. dxc6 bxc6 24. Rb6 Bd7 25. Rd1 {Fedorowicz,J-Gulko,B/USA (ch)/1989/0.
5 (69)}) 8... Be7 9. Rxe4 (9. dxe5 Nc5 10. Nc3 Nxa4 11. Nxa4 O-O 12. Bf4 f6 13.
Qd5+ Kh8 14. Rad1 fxe5 15. Qxe5 Bh4 $1 $10 16. Bg3 d6 17. Bxh4 Qxh4 18. Qd4
Qxd4 19. Rxd4 {Geller,E-Izeta,F/Palma GMA-op (1)/1989/0.5 (19)}) 9... Ng6 (9...
Ng6 $13) 10. c4 (10. h4 $6 b5 11. Bb3 d5 $1 12. Re1 Nxh4 13. Bg5 Ng6 14. Nc3
Be6 15. Bxe7 Nxe7 16. Qf3 O-O $17 {Sahu-Flear, London 1987}) 10... O-O 11. Nc3
d6 (11... f5 {Wedberg,T} 12. Re2 f4 13. f3 d6 14. Bc2 $14 {Kashdan-Milner
Barry/London/1932}) 12. Nd5 Bh4 13. g3 c6 14. Nf4 Nxf4 15. Bxf4 Bf6 (15... Bg5
16. Qh5) 16. Re1 Bg5 (16... Be6 {Wedberg,T} 17. d5 (17. Bb3 b5 $13) 17... cxd5
18. cxd5 Bf5 19. Qd2 Qb6 20. Bb3 a5 $13) 17. Qd2 Bxf4 (17... h6 18. h4 Bxf4 (
18... Bf6 19. Bc2 {/\ Bh6, Qd3->}) 19. Qxf4) 18. Qxf4 Be6 19. Bb3 Qd7 (19... b5
20. d5 cxd5 (20... bxc4 $4 21. dxe6 cxb3 22. e7) 21. cxd5 Bh3 $5 (21... Bc8 {
Wedberg,T} 22. Re3 Bb7 23. Rae1 $14) 22. Rac1 (22. g4 Qh4 23. f3 (23. Re4 f5)
23... f5 24. Qg3 Qxg3+ 25. hxg3 fxg4 26. f4 {>< Bh3} g5 $1) 22... Qd7 $1 23.
Rc6 Rfe8 24. Rec1 Re5 $5 $13) (19... d5 {Wedberg,T} 20. c5 b6 21. Rac1 $14) 20.
Re3 $1 Rae8 21. Rae1 f6 (21... Bh3 22. Bc2 Rxe3 (22... h6 23. Qh4 {><e7}) 23.
Rxe3 (23. Qxe3) 23... Re8 24. Qh4 $1 $16) 22. h4 h6 (22... Bf7 23. Rxe8 Rxe8
24. Rxe8+ Qxe8 25. Qxd6 $16) (22... d5 23. c5 Bf7 24. Bc2 $5 {><d6} Rxe3 25.
Rxe3 Re8 26. Bf5 Qd8 27. Qd6 {>< Pb7}) 23. Kh2 Kh8 24. Bc2 Bf7 (24... Bxc4 $4 {
Wedberg,T} 25. Rxe8 Rxe8 26. Qf5 $1 $18) 25. Bf5 Qd8 26. Be6 $1 Bxe6 27. Rxe6
Rxe6 28. Rxe6 d5 29. b3 (29. Rd6 Qe7 $1 30. cxd5 g5) 29... Re8 30. cxd5 cxd5
31. Qe3 Rxe6 32. Qxe6 Kh7 (32... Qa5 {Wedberg,T} 33. Qc8+ Kh7 34. Qxb7 Qxa2 35.
Kg2 Qa5 36. h5 $16) 33. Kg2 a5 34. a4 b6 35. h5 {(.)} Kh8 36. Kf3 Kh7 37. Kg4
Kh8 38. Kf5 Kh7 39. g4 Qa8 (39... Kh8 40. Kg6 f5 (40... Qg8 41. Qxg8+ Kxg8 42.
f4 $18) 41. gxf5 Qg5+ 42. Kf7 Qxh5+ 43. Kf8 $18) 40. Qd7 Qa6 (40... Kg8 {
Wedberg,T} 41. Kg6 $18) 41. Qxd5 Qe2 42. Qe4 Qxf2+ 43. Ke6+ Kg8 44. Qa8+ (44.
Qa8+ Kh7 45. Kf7) 1-0

[Event "Hoogovens"]
[Site "Wijk aan Zee"]
[Date "1998.02.01"]
[Round "13"]
[White "Anand, Viswanathan"]
[Black "Shirov, Alexei"]
[Result "1/2-1/2"]
[WhiteElo "2770"]
[BlackElo "2710"]
[Annotator "Anand,V"]
[PlyCount "60"]
[EventDate "1998.01.16"]
[EventType "tourn"]
[EventRounds "13"]
[EventCountry "NED"]
[EventCategory "17"]
[SourceTitle "CBM 063"]
[Source "ChessBase"]
[SourceDate "1998.03.26"]
[SourceVersion "1"]
[SourceVersionDate "1998.03.26"]
[SourceQuality "1"]

1. e4 {Khalifman} e5 2. Nf3 Nc6 3. Bb5 a6 4. Ba4 Nf6 5. O-O b5 6. Bb3 Bc5 7. a4
Rb8 (7... Bb7 {Khalifman}) 8. c3 (8. axb5 {Khalifman} axb5 9. Nxe5 Nxe5 10. d4
Bxd4 11. Qxd4 d6 12. f4 (12. c3)) 8... d6 9. d4 Bb6 10. h3 (10. axb5 {Khalifman
}) (10. Na3 {Khalifman}) 10... Bb7 11. Re1 O-O 12. axb5 axb5 13. Na3 exd4 14.
cxd4 Na5 15. Bc2 b4 16. Nb1 c5 17. Bg5 h6 18. Bh4 cxd4 $1 $146 {Khalifman: In
der Bundesliga ist Shirov nach dem bisher gespielten 18...g5 gegen Hracek
schlimm unter die Räder gekommen.} (18... g5 $2 {Khalifman} 19. Nxg5 hxg5 20.
Bxg5 b3 21. Bxb3 $1 (21. Bd3 c4 22. e5 dxe5 23. Rxe5 Qxd4 24. Re3 Ng4 $2 {
1/2-1/2 Topalov,V-Shirov,A/Madrid plof 20' 1997/EXP 58/[Shirov] (33)} (24...
Rfd8 $1 $19)) 21... cxd4 22. Ra3 $1 Nc6 23. Ba2 Ne5 24. Rg3 Kh7 25. f4 Ned7 26.
e5 d3+ 27. Kh1 dxe5 28. fxe5 $18 {Hracek,Z-Shirov,A/BL97/98 (1-0)/35}) 19. Nbd2
Re8 20. Ra4 Bc6 21. Ra1 (21. Rxb4 $2 {Khalifman} d3) 21... Rc8 22. Bd3 Nb7 23.
e5 dxe5 24. Nxe5 g5 25. Bg3 Bd5 26. Bf5 Ra8 27. Rxa8 Qxa8 28. Nd3 (28. Ndc4 Bc5
29. h4 Qd8 30. hxg5 hxg5 31. Bb1 (31. Qd2 Nh5 32. Bb1 Bxc4 $1 (32... Nxg3 33.
Qd3 Ne4 34. Rxe4))) 28... Nc5 29. Rxe8+ Qxe8 30. Nxb4 Be4 1/2-1/2